000
00209 a2200097 4500
001
48008
100
_a
Huart
245
_a
History of Arabic literature
260
_a
Beirut
_b
Khayats
_c
090
_c
30997
_d
30997
942
_a
NUST-CAE
_c
M
_c
23332
999
_c
283081
_d
283081